[Event "Chefchaouen op"]
[Site "Chefchaouen"]
[Date "2022.10.26"]
[Round "6"]
[White "Chia, Abdellah"]
[Black "Rian, Saad"]
[Result "1/2-1/2"]
[WhiteElo "1530"]
[BlackElo "2102"]
[PlyCount "65"]
[EventDate "2022.10.23"]
[EventType "swiss"]
[EventRounds "7"]
[EventCountry "MAR"]
[SourceTitle "EXT 2024"]
[Source "ChessBase"]
[SourceDate "2023.10.10"]
[SourceVersion "1"]
[SourceVersionDate "2023.10.10"]
[SourceQuality "1"]

1. Nf3 d5 2. e3 Nf6 3. d4 Bg4 4. h3 Bxf3 5. Qxf3 g6 6. Bd3 Bg7 7. Nd2 Nbd7 8. e4 dxe4 9. Nxe4 c6 10. 0-0 Nxe4 11. Qxe4 0-0 12. c3 e5 13. Bc4 exd4 14. cxd4 Nb6 15. Bb3 Qxd4 16. Qe7 Qd7 17. Re1 Kh8 18. Qxd7 Nxd7 19. Re7 Rad8 20. Rxf7 Rxf7 21. Bxf7 Rf8 22. Bb3 Nc5 23. Be3 Nxb3 24. axb3 a6 25. Rd1 Kg8 26. Rd7 Rf7 27. Rd8+ Rf8 28. Rd7 b5 29. Rc7 Bxb2 30. Rxc6 Ra8 31. Rc2 Bf6 32. Rc6 Bb2 33. Rc2 1/2-1/2

[Event "Chefchaouen op"]
[Site "Chefchaouen"]
[Date "2022.10.24"]
[Round "3"]
[White "Rian, Saad"]
[Black "Ajbara, Jamal"]
[Result "1/2-1/2"]
[WhiteElo "2102"]
[BlackElo "1840"]
[PlyCount "138"]
[EventDate "2022.10.23"]
[EventType "swiss"]
[EventRounds "7"]
[EventCountry "MAR"]
[SourceTitle "EXT 2024"]
[Source "ChessBase"]
[SourceDate "2023.10.10"]
[SourceVersion "1"]
[SourceVersionDate "2023.10.10"]
[SourceQuality "1"]

1. c4 Nf6 2. Nc3 e6 3. e4 d5 4. e5 d4 5. exf6 dxc3 6. fxg7 cxd2+ 7. Bxd2 Bxg7 8. Qc2 Nc6 9. Nf3 Bd7 10. Bd3 h6 11. Bc3 Rg8 12. g3 Bxc3+ 13. Qxc3 Qe7 14. 0-0-0 0-0-0 15. a3 Qc5 16. Rd2 e5 17. b4 Qe7 18. b5 Nd4 19. Nxd4 exd4 20. Qb4 Qf6 21. Qc5 Kb8 22. Re1 Rge8 23. Rde2 Be6 24. f4 Rg8 25. Qe5 Qe7 26. Kb2 Qf8 27. f5 Bd7 28. Re4 f6 29. Qe7 Bxf5 30. Kc2 Bxe4 31. Rxe4 Qxe7 32. Rxe7 Rg5 33. Rf7 Rh5 34. h4 Re5 35. Rxf6 Re3 36. g4 Rg3 37. g5 hxg5 38. h5 Rg2+ 39. Kc1 g4 40. h6 Rh2 41. Rg6 g3 42. Rxg3 Rxh6 43. Kc2 a6 44. a4 axb5 45. axb5 Rh2+ 46. Kb3 Rd2 47. c5 Re8 48. b6 cxb6 49. cxb6 Rd1 50. Kc4 Rd8 51. Be4 Rc1+ 52. Kb4 Re1 53. Rg4 Re8 54. Bd5 Rb1+ 55. Ka5 d3 56. Rg7 d2 57. Rxb7+ Kc8 58. Rc7+ Kd8 59. Bf3 d1Q 60. Bxd1 Rxd1 61. Ka6 Re6 62. Rc5 Ra1+ 63. Kb7 Rb1 64. Rc8+ Kd7 65. Rc7+ Ke8 66. Rc8+ Kf7 67. Rc7+ Re7 68. Ka7 Ra1+ 69. Kb7 Ke8 1/2-1/2

[Event "Tiznit rapid op"]
[Site "Tiznit"]
[Date "2019.07.27"]
[Round "4"]
[White "Rian, Saad"]
[Black "Sellak, Hadou"]
[Result "1/2-1/2"]
[WhiteElo "2101"]
[BlackElo "2000"]
[PlyCount "72"]
[EventDate "2019.07.27"]
[EventType "swiss (rapid)"]
[EventRounds "9"]
[EventCountry "MAR"]
[SourceTitle "CBM 191 Extra"]
[Source "ChessBase"]
[SourceDate "2019.09.30"]
[SourceVersion "1"]
[SourceVersionDate "2019.09.30"]
[SourceQuality "1"]

1. c4 c6 2. e4 d5 3. exd5 cxd5 4. cxd5 Qxd5 5. Nc3 Qd8 6. Nf3 e6 7. Bc4 Nf6 8. 0-0 Be7 9. d4 0-0 10. d5 exd5 11. Nxd5 Nxd5 12. Bxd5 Nc6 13. Bxc6 bxc6 14. Qxd8 Rxd8 15. Be3 Bf6 16. Rad1 Bg4 17. b3 a6 18. h3 Bxf3 19. gxf3 Rd5 20. Rxd5 cxd5 21. Rd1 Rd8 22. Bd4 Bxd4 23. Rxd4 Kf8 24. Ra4 Rd6 25. Kf1 Ke7 26. Ke2 Ke6 27. Rb4 Rc6 28. a4 Ke5 29. Rb7 g5 30. Rxf7 Rb6 31. Rxh7 Rxb3 32. Ra7 Kf4 33. Rxa6 Rb2+ 34. Kd3 Rxf2 35. a5 Rxf3+ 36. Kd4 Rxh3 1/2-1/2

[Event "Francophone-ch 5th"]
[Site "Yasmine Hammamet"]
[Date "2017.11.02"]
[Round "7"]
[White "Rian, Saad"]
[Black "Abergel, Thal"]
[Result "0-1"]
[WhiteElo "2099"]
[BlackElo "2462"]
[PlyCount "68"]
[EventDate "2017.10.28"]
[EventType "swiss"]
[EventRounds "9"]
[EventCountry "TUN"]
[SourceTitle "EXT 2019"]
[Source "ChessBase"]
[SourceDate "2018.10.10"]
[SourceVersion "1"]
[SourceVersionDate "2018.10.10"]
[SourceQuality "1"]

1. d4 Nf6 2. c4 e6 3. Nf3 c5 4. e3 d5 5. cxd5 exd5 6. Bb5+ Nc6 7. 0-0 cxd4 8. Nxd4 Bd7 9. Qa4 a6 10. Bxc6 bxc6 11. Qc2 c5 12. Nf3 Bd6 13. b3 0-0 14. Ba3 Rc8 15. Nc3 Re8 16. Rad1 Bc6 17. Ne2 d4 18. Ng3 Qa5 19. Bc1 Bxg3 20. hxg3 d3 21. Qb2 Ne4 22. Nd2 Nc3 23. Nc4 Nxd1 24. Rxd1 Qc7 25. Rxd3 Rcd8 26. Rxd8 Rxd8 27. Qc2 Qd7 28. Nd2 Qg4 29. f3 Qxg3 30. Qd1 h5 31. a4 h4 32. Qe2 h3 33. Nf1 Rd1 34. Bd2 Bxf3 0-1

[Event "Francophone-ch 5th"]
[Site "Yasmine Hammamet"]
[Date "2017.11.01"]
[Round "5"]
[White "Rian, Saad"]
[Black "Kaabi, Mejdi"]
[Result "1-0"]
[WhiteElo "2099"]
[BlackElo "2285"]
[PlyCount "115"]
[EventDate "2017.10.28"]
[EventType "swiss"]
[EventRounds "9"]
[EventCountry "TUN"]
[SourceTitle "EXT 2019"]
[Source "ChessBase"]
[SourceDate "2018.10.10"]
[SourceVersion "1"]
[SourceVersionDate "2018.10.10"]
[SourceQuality "1"]

1. d4 Nf6 2. Nf3 g6 3. g3 Bg7 4. Bg2 0-0 5. 0-0 c5 6. dxc5 Na6 7. Be3 Ne4 8. Bd4 Bxd4 9. Qxd4 Nexc5 10. Nc3 d6 11. Rad1 h6 12. e4 Be6 13. Qe3 Kh7 14. e5 Qb6 15. exd6 exd6 16. b3 Rae8 17. Qd4 Qb4 18. Qxb4 Nxb4 19. Rd2 Nc6 20. Rxd6 Rc8 21. Rd2 g5 22. a3 a5 23. Nb5 a4 24. Nd6 Rb8 25. b4 Nd7 26. Nd4 Nxd4 27. Rxd4 b6 28. Ne4 Kg7 29. c4 Rfc8 30. Nd6 Rc7 31. f4 gxf4 32. gxf4 Nf6 33. f5 Bd7 34. Re1 Kf8 35. Red1 Kg7 36. Bf3 Rg8 37. Kf2 Kf8 38. Rg1 Rxg1 39. Kxg1 Ke7 40. Kf2 Bc6 41. Ke3 Bxf3 42. Kxf3 Nd7 43. Kf4 f6 44. Nb5 Rc8 45. Nc3 Rg8 46. Nxa4 Rg1 47. Ke4 Ra1 48. Rd3 Ne5 49. Rc3 Re1+ 50. Kf4 Rf1+ 51. Kg3 Rxf5 52. Nxb6 Rg5+ 53. Kf2 Kd6 54. c5+ Ke7 55. b5 Ng4+ 56. Kf3 Nxh2+ 57. Ke4 f5+ 58. Kf4 1-0

[Event "Hammamet Carthage op 1st"]
[Site "Hammamet"]
[Date "2015.10.11"]
[Round "9"]
[White "Bouaziz, Slim"]
[Black "Rian, Saad"]
[Result "1/2-1/2"]
[WhiteElo "2301"]
[BlackElo "2055"]
[PlyCount "70"]
[EventDate "2015.10.04"]
[EventType "swiss"]
[EventRounds "9"]
[EventCountry "TUN"]
[SourceTitle "CBM 168 Extra"]
[Source "ChessBase"]
[SourceDate "2015.10.29"]
[SourceVersion "1"]
[SourceVersionDate "2015.10.29"]
[SourceQuality "1"]

1. e4 e5 2. Bc4 Nc6 3. d3 Nf6 4. Nc3 Bc5 5. f4 d6 6. Nf3 exf4 7. Bxf4 Be6 8. Bxe6 fxe6 9. Na4 Bb6 10. Nxb6 axb6 11. 0-0 0-0 12. Qd2 Qd7 13. a3 h6 14. Rae1 e5 15. Be3 Qg4 16. h3 Qh5 17. Rf2 Rf7 18. Ref1 Raf8 19. Nh2 d5 20. Rf5 Qg6 21. exd5 Nxd5 22. Rxf7 Rxf7 23. Rxf7 Qxf7 24. Ng4 Qe6 25. Nf2 Nf6 26. Qe2 Qa2 27. c3 Qb1+ 28. Kh2 Nd5 29. Bxh6 gxh6 30. Qg4+ Kf7 31. Qf5+ Ke7 32. Qh7+ Ke6 33. Qg8+ Ke7 34. Qg7+ Ke6 35. Qg8+ Ke7 1/2-1/2